Memorias de Adriano

Shranjeno v:
Bibliografske podrobnosti
Glavni avtor: Yourcenar, Marguerite (Author)
Format: Knjiga
Jezik:španščina
Izdano: Santiago Seix Barral 1985
Izdaja:1a. ed
Serija:Literatura Contemporánea, 12
Teme:
Oznake: Označite
Brez oznak, prvi označite!

MARC

LEADER 00000cam a2200000 a 4500
001 UCE9397
003 CL-VaPUC
008 151022e19850000cl |||||||||||||||||spa|d
082 0 4 |a 840  |b YOU  |2 21 
100 0 |a Yourcenar, Marguerite  |e author  |9 582232 
245 1 0 |a Memorias de Adriano 
250 |a 1a. ed 
300 |a 380 p 
942 |c BK 
945 |d 20151022 17:18:00  |a dcastane 
260 |a Santiago  |b Seix Barral  |c 1985 
650 0 |a Literatura francesa  |9 266330 
650 0 |a Novela francesa  |9 264985 
583 |a last modification  |c 20151022 17:18:00  |k Rodrigo Vera 
490 0 |a Literatura Contemporánea, 12 
999 |c 361061  |d 361059 
952 |0 0  |1 0  |3 erb  |4 0  |6 840_000000000000000_YOU_1985  |7 0  |8 C  |9 471383  |a BIBCUR  |b BIBCUR  |i 5205859  |o 840 YOU 1985  |p 5205859  |r 2025-04-22  |w 2019-11-24  |y BK  |z Catalogado en:20151022  |k CAC